Central Library OPAC University of Rajshahi

The creation of the universe / (Record no. 7947)

MARC details
000 -LEADER
fixed length control field 00770nam a2200265I 4500
001 - CONTROL NUMBER
control field 7947
003 - CONTROL NUMBER IDENTIFIER
rucl marc code BD-RUCL
005 - DATE AND TIME OF LATEST TRANSACTION
control field 20211208234511.0
008 - FIXED-LENGTH DATA ELEMENTS--GENERAL INFORMATION
fixed length control field 140116r19 1957nyua 000 0 eng
035 ## - SYSTEM CONTROL NUMBER
System control number (BD-RUCL)7991
System control number GLIS00072001
040 ## - CATALOGING SOURCE
Transcribing agency ITD
Modifying agency MYG
Original cataloging agency BD-RjUL
Language of cataloging eng
041 ## - LANGUAGE CODE
Language code of text/sound track or separate title eng
082 ## - DEWEY DECIMAL CLASSIFICATION NUMBER
Edition number 19
Classification number 523.1
Author mark and year GAC 1960
099 ## - LOCAL FREE-TEXT CALL NUMBER (OCLC)
Bangla Class number QB981.G3
100 1# - MAIN ENTRY--PERSONAL NAME
Personal name Gamow, George,
Dates associated with a name 1904-1968.
9 (RLIN) 22537
245 14 - TITLE STATEMENT
Title The creation of the universe /
Statement of responsibility, etc. George Gamow.
260 ## - PUBLICATION, DISTRIBUTION, ETC. (IMPRINT)
Place of publication, distribution, etc. New York,
Name of publisher, distributor, etc. New American Library,
Date of publication, distribution, etc. c1952 [Printing 1960].
300 ## - PHYSICAL DESCRIPTION
Pagination xiii, 144 p.+ [12] plates:
Illustrations ill.;
Size 22 cm.
504 ## - BIBLIOGRAPHY, ETC. NOTE
Bibliography, etc Includes bibliographical references and index.
650 #0 - SUBJECT ADDED ENTRY--TOPICAL TERM
Topical term or geographic name as entry element Cosmogony.
9 (RLIN) 23863
942 ## - ADDED ENTRY ELEMENTS (KOHA)
Source of classification or shelving scheme Dewey Decimal Classification
Koha item type Books
Holdings
Lost status Source of classification or shelving scheme Damaged status Not for loan Collection code Permanent Location Current Location Date acquired Source of acquisition Total Checkouts Full call number Date last seen Copy number Koha item type
  Dewey Decimal Classification     Non-fiction Central Library, University of Rajshahi Central Library, University of Rajshahi 14/05/1963 Asia Foundation   523.1 GAC 1960 16/01/2014 C-1 Books